000 00789nam a2200217Ia 4500
003 GCL
008 140319s9999 xx 000 0 ara d
040 _aGCL /
_cGCL
082 0 4 _a980
_bر ث
100 1 _aعبدالحميد غلاب
245 1 0 _aثقافة وحضارة امريكا اللاتينية /
_cعبدالحميد غلاب
700 1 _aرودريجث , اوخينيو تشانج
700 1 _aاحمد حشاد
260 _aالقاهرة :
_bالمجلس الاعلى للثقافة ،
_c1998
300 _a672 ص ؛
_c22 سم
490 _aالمشروع القومى للترجمة
_v70
650 0 4 _aامريكا الجنوبية
650 0 4 _aامريكا الجنوبية - حضارة
650 0 4 _aامريكا الجنوبية - تاريخ
942 _2ddc
_cBK
999 _c599
_d599